000 00907nam a22002657a 4500
999 _c132992
_d132992
003 dpl
005 20180924161639.0
008 180824b xxu||||| |||| 00| 0 eng d
010 _aB-061661
020 _c00.00
_a0070444757
035 _aB-061661, B-061664,B-061639
037 _bCen Lib/Ret
040 _aDPL
_bEN
_c0
082 _a005.754
_bCOU
100 _aCouchman, Jason
_936424
245 _aOracle8i certified professional DBA certification exam guide /
_cby Jason Couchman [and] Ulrike Schwinn
260 _aNew Delhi
_bTata McGraw hill Publishing Company
_c2001
270 _a7 west patel nagar
_bNew Delhi
_e110008
300 _axxxvi, 1156p.
_c23cm(Hb)
500 _aIncludes index and glossary
650 _aComputer science
_936425
650 _aProgramming language (Oracle )
_936426
700 _aSchwinn, Ulrike
_936427
942 _2ddc
_cEN
_h005.754
_mCOU